[Event "Nittenau-ch 13th"]
[Site "Nittenau"]
[Date "2013.09.15"]
[Round "4"]
[White "Kellner, Christian"]
[Black "Sammet, Dominik"]
[Result "1-0"]
[WhiteElo "1627"]
[BlackElo "1256"]
[PlyCount "25"]
[EventDate "2013.09.13"]
[EventType "swiss"]
[EventRounds "5"]
[EventCountry "GER"]
[SourceTitle "EXT 2022"]
[Source "ChessBase"]
[SourceDate "2021.10.06"]
[SourceVersion "1"]
[SourceVersionDate "2021.10.06"]
[SourceQuality "1"]

1. c4 c5 2. g3 g6 3. d4 Bg7 4. dxc5 Qa5+ 5. Bd2 Qxc5 6. Nc3 Qxc4 7. Rc1 Nf6 8. e4 Qe6 9. Bh3 Qe5 10. Nf3 Qh5 11. Nd5 Na6 12. Bg2 Kd8 13. Ng5 1-0

[Event "Nittenau-ch 13th"]
[Site "Nittenau"]
[Date "2013.09.13"]
[Round "1"]
[White "Ott, Florian"]
[Black "Kellner, Christian"]
[Result "1-0"]
[WhiteElo "2189"]
[BlackElo "1627"]
[PlyCount "125"]
[EventDate "2013.09.13"]
[EventType "swiss"]
[EventRounds "5"]
[EventCountry "GER"]
[SourceTitle "EXT 2022"]
[Source "ChessBase"]
[SourceDate "2021.10.06"]
[SourceVersion "1"]
[SourceVersionDate "2021.10.06"]
[SourceQuality "1"]

1. d4 d6 2. Nf3 Nf6 3. c4 g6 4. Nc3 Bg7 5. e4 0-0 6. Be2 c6 7. 0-0 Re8 8. h3 e5 9. dxe5 dxe5 10. Qxd8 Rxd8 11. Be3 Nbd7 12. Rfd1 b6 13. Rd6 Bf8 14. Rd2 Bb7 15. Rad1 Be7 16. Bg5 Nc5 17. Rxd8+ Rxd8 18. Rxd8+ Bxd8 19. Nxe5 h6 20. Bxh6 Nfxe4 21. Nxe4 Nxe4 22. Bf3 f5 23. Bxe4 fxe4 24. Bc1 Kg7 25. Ng4 c5 26. b3 a6 27. Bf4 Be7 28. Kf1 b5 29. Ne3 g5 30. Bg3 Bf6 31. Nf5+ Kg6 32. Nd6 Bc6 33. Ke2 Bd4 34. h4 gxh4 35. Bxh4 Kh5 36. Bg3 Kg4 37. Bh2 b4 38. Nxe4 Bxe4 39. f3+ Bxf3+ 40. gxf3+ Kf5 41. Bg3 Bf6 42. Bf2 Be7 43. Be3 Bd6 44. Kf2 Be7 45. Kg3 Bd6+ 46. Kh4 Ke6 47. Kh5 Bf8 48. Bg1 Bd6 49. Be3 Bf8 50. Bg1 Bd6 51. Kh6 Kf6 52. Bf2 Bf8+ 53. Kh7 Kf7 54. Bg1 Bd6 55. Be3 Bf8 56. Bf2 Bd6 57. Kh6 Kf6 58. Bh4+ Kf5 59. Kg7 Ke6 60. Kg6 Bf4 61. Bg5 Bd6 62. f4 Kd7 63. Kf7 1-0

[Event "Bayernliga 1213 U20"]
[Site "Bayern"]
[Date "2012.12.01"]
[Round "2.3"]
[White "Schackmann, Oliver"]
[Black "Kellner, Christian"]
[Result "1-0"]
[WhiteElo "1902"]
[BlackElo "1627"]
[PlyCount "107"]
[EventDate "2012.10.20"]
[EventType "team-tourn"]
[EventRounds "7"]
[EventCountry "GER"]
[SourceTitle "EXT 2020"]
[Source "ChessBase"]
[SourceDate "2019.10.17"]
[SourceVersion "1"]
[SourceVersionDate "2019.10.17"]
[SourceQuality "1"]
[WhiteTeam "Vaterstetten SC U20"]
[BlackTeam "Kelheim SK U20"]
[WhiteTeamCountry "GER"]
[BlackTeamCountry "GER"]

1. e4 d6 2. d4 Nf6 3. Nc3 g6 4. Be3 Bg7 5. f3 0-0 6. Qd2 Re8 7. 0-0-0 Nbd7 8. Bh6 Bh8 9. e5 Nh5 10. g4 Ng7 11. h4 b6 12. h5 Bb7 13. hxg6 fxg6 14. Bc4+ e6 15. Bg5 Qc8 16. Qh2 Nf8 17. exd6 cxd6 18. Bb5 Bc6 19. Bxc6 Qxc6 20. Ne4 Rec8 21. c3 Ne8 22. Be7 Rc7 23. Bxd6 Nxd6 24. Qxd6 Rac8 25. Qxc6 Rxc6 26. Ne2 Nd7 27. Ng5 Nf6 28. Nf4 Nd5 29. Ngxe6 Nxf4 30. Nxf4 Rf6 31. Nd5 Rf7 32. Rhf1 Rd7 33. Ne3 Rxd4 34. Rxd4 Bxd4 35. Nd5 Bc5 36. Kc2 Kf7 37. Rh1 Ke6 38. Nf4+ Kf6 39. Rxh7 b5 40. Nd3 Bb6 41. Rh1 Kg5 42. Re1 Rf8 43. Re5+ Kh4 44. f4 Kxg4 45. Rg5+ Kf3 46. Rxg6 Be3 47. Rg5 Rb8 48. Rd5 Ke4 49. Re5+ Kf3 50. f5 a6 51. f6 Rf8 52. Re6 a5 53. Ne5+ Kf4 54. Ng6+ 1-0

[Event "Bayernliga U20 1011"]
[Site "Bayern"]
[Date "2011.04.02"]
[Round "7.4"]
[White "Kellner, Christian"]
[Black "Schoepe, Tobias"]
[Result "0-1"]
[WhiteElo "1478"]
[BlackElo "1824"]
[PlyCount "58"]
[EventDate "2010.10.16"]
[EventType "team-tourn"]
[EventRounds "7"]
[EventCountry "GER"]
[SourceTitle "EXT 2022"]
[Source "ChessBase"]
[SourceDate "2021.10.06"]
[SourceVersion "1"]
[SourceVersionDate "2021.10.06"]
[SourceQuality "1"]
[WhiteTeam "Kelheim SK U20"]
[BlackTeam "Ergolding FC U20"]
[WhiteTeamCountry "GER"]
[BlackTeamCountry "GER"]

1. e4 e6 2. d4 d5 3. Nc3 Nf6 4. e5 Nfd7 5. Nf3 a6 6. Be2 c5 7. Bf4 Nc6 8. dxc5 Bxc5 9. 0-0 b5 10. Re1 Bb7 11. a3 0-0 12. Qd2 f6 13. exf6 Nxf6 14. Bd3 Re8 15. Re2 Qd7 16. Rae1 Rad8 17. Na2 Bd6 18. Nb4 Nxb4 19. axb4 Bc8 20. c3 Qc7 21. Ne5 Rf8 22. Bg3 Rde8 23. Qc2 Bb7 24. Bh4 Ne4 25. f3 Bxe5 26. fxe4 Bxh2+ 27. Kh1 Qf4 28. Bf2 Qh6 29. Re3 Bg3+ 0-1

[Event "Oberpfalz-ch M3"]
[Site "Roding"]
[Date "2010.03.27"]
[Round "1"]
[White "Kellner, Christian"]
[Black "Muehlberger, Ottmar"]
[Result "1-0"]
[WhiteElo "1467"]
[BlackElo "1165"]
[PlyCount "55"]
[EventDate "2010.03.27"]
[EventType "swiss"]
[EventRounds "8"]
[EventCountry "GER"]
[SourceTitle "EXT 2012"]
[Source "ChessBase"]
[SourceDate "2011.11.24"]
[SourceVersion "1"]
[SourceVersionDate "2011.11.24"]
[SourceQuality "1"]

1. e4 c5 2. Nf3 Nc6 3. d4 e6 4. d5 exd5 5. exd5 Nd4 6. Nxd4 cxd4 7. Qxd4 d6 8. Bb5+ Bd7 9. Bxd7+ Qxd7 10. 0-0 Be7 11. Qxg7 0-0-0 12. Qxh8 Nf6 13. Qg7 Rg8 14. Qxf7 Rxg2+ 15. Kh1 Qh3 16. Qe6+ Qxe6 17. dxe6 Rg4 18. Nc3 h6 19. Bxh6 Rg6 20. Be3 Ng4 21. Rg1 Nxf2+ 22. Bxf2 Rxe6 23. Rae1 Rxe1 24. Rxe1 Bg5 25. Bxa7 Bd2 26. Rf1 Kc7 27. Rf7+ Kc6 28. Ne4 1-0